C'est qui la plus belle ? Ruby On The Nail -Drag Race France 3 - Statistiques

Statistiques générales
  • Ce quiz a été pris 30 fois
  • Le résultat moyen est 146 sur 198
Statistiques - réponses
Réponse % Correct
belle
96%
ce
96%
C'est
96%
c'est
96%
la
96%
moi
96%
plus
96%
qui
96%
de
85%
mes
85%
Ruby
85%
ruby
85%
bouche
81%
ma
81%
pas
81%
bijou
77%
cheveux
77%
peau
77%
reine
77%
touche
77%
yeux
77%
biche
73%
indomptable
73%
n'a
73%
poussent
73%
diva
69%
mouche
69%
poils
69%
prix
69%
remontada
69%
ta
69%
tendre
69%
voila
69%
délicieuse
65%
diamant
65%
en
65%
et
65%
font
65%
incassable
65%
à
62%
blonde
62%
d'la
62%
précieuse
62%
qu'un
62%
rousse
62%
mieux
58%
enfin
50%
je
50%
mais
50%
vous
50%
dit
46%
bah
42%
lipsyncs
42%
qu'c'est
42%
dis-le
38%
ou
38%
suis
38%
comme
35%
dis-moi
35%
puisqu'on
35%
d'accord
31%
qu'j'suis
31%
t'es
31%
tu
31%
aveugle
27%
ça
27%
quoi
27%
un
27%
bon
23%
gênant
23%
jeunes
23%
recherches
23%
région
23%
des
19%
devient
19%
jolies
19%
oh
19%
petit
19%
regarde-moi
19%
t'attend
19%
arrêtez
15%
filles
15%
l'accueil
15%
réjouis-toi
15%
bisou
12%
manières
4%
Aucun quiz correspondant
Distribution des résultats
% des personnes avec chaque résultat
Percentile par nombre de réponses
Votre historique - résultats
Vous n’avez pas pris ce quiz